[Event "Mittelrhein Verbandsliga-S 18/19"]
[Site "Nordrheinwestfalen"]
[Date "2019.03.10"]
[Round "8.8"]
[White "Bendisch, Juergen"]
[Black "Urh, Andreas"]
[Result "1-0"]
[WhiteElo "1698"]
[BlackElo "1682"]
[PlyCount "37"]
[EventDate "2018.09.02"]
[EventType "team-tourn"]
[EventRounds "11"]
[EventCountry "GER"]
[SourceTitle "EXT 2022"]
[Source "ChessBase"]
[SourceDate "2021.10.06"]
[SourceVersion "1"]
[SourceVersionDate "2021.10.06"]
[SourceQuality "1"]
[WhiteTeam "Hennef"]
[BlackTeam "St Augustin Turm"]
[WhiteTeamCountry "GER"]
[BlackTeamCountry "GER"]

1. d4 d5 2. Nf3 Nf6 3. Bf4 e6 4. e3 Bd6 5. Bg3 Bxg3 6. hxg3 c6 7. c3 Ne4 8. Nbd2 f5 9. Ne5 Nf6 10. Ng6 Rg8 11. Ne5 Qe7 12. f4 b6 13. Qf3 Bb7 14. Be2 Nbd7 15. 0-0-0 0-0-0 16. Qf1 g5 17. Ba6 Ne4 18. Nxe4 dxe4 19. Nxc6 1-0

[Event "Mittelrhein Verbandsliga-O 16/17"]
[Site "Nordrheinwestfalen"]
[Date "2017.01.29"]
[Round "7"]
[White "Urh, Andreas"]
[Black "Mueller, Andreas"]
[Result "1/2-1/2"]
[WhiteElo "1610"]
[BlackElo "1801"]
[PlyCount "73"]
[EventDate "2016.09.11"]
[EventType "team-tourn"]
[EventRounds "11"]
[EventCountry "GER"]
[SourceTitle "EXT 2022"]
[Source "ChessBase"]
[SourceDate "2021.10.06"]
[SourceVersion "1"]
[SourceVersionDate "2021.10.06"]
[SourceQuality "1"]
[WhiteTeam "St Augustin Turm"]
[BlackTeam "Bergische SF II"]
[WhiteTeamCountry "GER"]
[BlackTeamCountry "GER"]

1. e4 c5 2. Nc3 Nc6 3. Bc4 e6 4. d3 Nf6 5. Nf3 Be7 6. a3 0-0 7. 0-0 d5 8. Ba2 a6 9. Bg5 d4 10. Ne2 Nh5 11. Qd2 e5 12. Bxe7 Qxe7 13. Ne1 Be6 14. Bxe6 fxe6 15. f4 exf4 16. Nxf4 Qf6 17. g3 e5 18. Qe2 Nxf4 19. gxf4 exf4 20. Nf3 Rae8 21. Rf2 Ne5 22. Rg2 Kh8 23. Kh1 Nxf3 24. Qxf3 g5 25. Rag1 Re5 26. h4 Qh6 27. Rh2 gxh4 28. Rg4 h3 29. Rf2 b5 30. Rxf4 Qxf4 31. Qxf4 Rxf4 32. Rxf4 Kg7 33. Kh2 c4 34. Kxh3 cxd3 35. cxd3 a5 36. Kg4 Kg6 37. Kf3 1/2-1/2

[Event "Mittelrhein Verbandsliga-O 16/17"]
[Site "Nordrheinwestfalen"]
[Date "2016.12.18"]
[Round "5"]
[White "Urh, Andreas"]
[Black "Hank, Holger"]
[Result "1/2-1/2"]
[WhiteElo "1610"]
[BlackElo "1895"]
[PlyCount "49"]
[EventDate "2016.09.11"]
[EventType "team-tourn"]
[EventRounds "11"]
[EventCountry "GER"]
[SourceTitle "EXT 2022"]
[Source "ChessBase"]
[SourceDate "2021.10.06"]
[SourceVersion "1"]
[SourceVersionDate "2021.10.06"]
[SourceQuality "1"]
[WhiteTeam "St Augustin Turm"]
[BlackTeam "Koeln Lasker II"]
[WhiteTeamCountry "GER"]
[BlackTeamCountry "GER"]

1. e4 e6 2. d4 d5 3. exd5 exd5 4. Nf3 Nc6 5. c3 Bd6 6. Bd3 Nge7 7. 0-0 Bg4 8. Bg5 f6 9. Bh4 Qd7 10. b4 0-0 11. Nbd2 Bf5 12. Qc2 b6 13. Rfe1 Bxd3 14. Qxd3 Nf5 15. Nf1 Nce7 16. Bg3 Nxg3 17. Nxg3 Rfe8 18. Nh4 g6 19. Re2 Qg4 20. Nf3 Bxg3 21. hxg3 Qf5 22. Qd2 Nc6 23. Rae1 Re4 24. Nh4 Qg5 25. Qxg5 1/2-1/2

[Event "Mittelrhein Verbandsliga-O 16/17"]
[Site "Nordrheinwestfalen"]
[Date "2016.10.02"]
[Round "2"]
[White "Urh, Andreas"]
[Black "Bernhardt, Thomas"]
[Result "0-1"]
[WhiteElo "1610"]
[BlackElo "1664"]
[PlyCount "40"]
[EventDate "2016.09.11"]
[EventType "team-tourn"]
[EventRounds "11"]
[EventCountry "GER"]
[SourceTitle "EXT 2022"]
[Source "ChessBase"]
[SourceDate "2021.10.06"]
[SourceVersion "1"]
[SourceVersionDate "2021.10.06"]
[SourceQuality "1"]
[WhiteTeam "St Augustin Turm"]
[BlackTeam "Euskirchen Turm"]
[WhiteTeamCountry "GER"]
[BlackTeamCountry "GER"]

1. e4 c5 2. Nc3 d6 3. Bc4 Nc6 4. d3 Nf6 5. f4 Bg4 6. Nge2 e6 7. 0-0 a6 8. a3 b5 9. Ba2 b4 10. axb4 cxb4 11. h3 Qb6+ 12. Kh1 bxc3 13. bxc3 Bxe2 14. Qxe2 Be7 15. g4 Rc8 16. g5 Nd7 17. d4 0-0 18. Qg4 Nxd4 19. Be3 Rxc3 20. Bxd4 Qxd4 0-1